Ya Allah, kepada-mu aku kembali

Bibliographic Details
Main Author: Asma Harun
Other Authors: Dwi Suwiknyo
Format: Book
Published: Selangor : Publishing House Sdn. Bhd. , 2021
Subjects:

MARC

LEADER 00000cam a2200000 7i4500
001 0000087425
005 20230615104639.0
008 220220
020 |a 9789674813772 
041 0 |a Malay 
090 0 0 |a 158.1088297   |b ASM 
100 0 |a Asma Harun 
245 1 0 |a Ya Allah, kepada-mu aku kembali   |c Ustazah Asma Harun 
260 |a Selangor :   |b Publishing House Sdn. Bhd. ,   |c 2021 
300 |a 188 p. :   |b ill., col. ;   |c 19.3 cm. 
541 |c Purchased on 2021   |f 235/21 IMS   |h RM27.00 
650 0 |a Motivation (Psychology)   |x Religious aspects   |x Islam 
700 0 |a Dwi Suwiknyo 
999 |a 0001672952   |b Book   |c Adult Collection   |e Perbadanan Perpustakaan Awam Johor 
999 |a 0001672953   |b Book   |c Adult Collection   |e Cawangan AEON Kulaijaya 
999 |a 0001672954   |b Book   |c Adult Collection   |e Cawangan Urban Transformation Centre 
999 |a 0001672955   |b Book   |c Adult Collection   |e Perbadanan Perpustakaan Awam Johor 
999 |a 0001673188   |b Book   |c Adult Collection   |e Cawangan Bandar Penawar 
999 |a 0001673189   |b Book   |c Acts   |e Cawangan Taman Sri Lambak 
999 |a 0001673190   |b Book   |c Adult Collection   |e Cawangan Kota Tinggi 
999 |a 0001673191   |b Book   |c Adult Collection   |e Cawangan Tangkak 
999 |a 0001673192   |b Book   |c Adult Collection   |e Cawangan Tmn. Ungku Tun Aminah 
999 |a 0001673193   |b Book   |c Adult Collection   |e Cawangan Muar 
999 |a 0001673194   |b Book   |c Adult Collection   |e Cawangan Pontian 
999 |a 0001673195   |b Book   |c Adult Collection   |e Cawangan Bandar Tenggara 
999 |a 0001673196   |b Book   |c Adult Collection   |e Cawangan Mersing 
999 |a 0001673197   |b Book   |c Adult Collection   |e Cawangan Bukit Gambir 
999 |a 0001673199   |b Book   |c Adult Collection   |e Cawangan Segamat